00578nam a2200181 i 450000100060000000300090000600500170001500700030003200800410003502000180007608000100009410000500010424500970015426000290025130000210028060000310030185200640033216602ES-MaACL20231222063027.0t|001019s2000 sp |||| | spa d a84-921741-1-0 a232.91 aSuárez Rodríguez, José Luis,d1931-202010aCoronado/Nazoreo b: la identidad de Esteban y Jesús / cJosé Luis Suárez Rodríguez. aMadrid : bApis, c2000. a29 p. ; c21 cm.14aJesucristo-xHistoricidad. aES-MaACLj2154-F-28 z. - Dedicatoria autógrafa del autor